00350nam a22001457a 4500003000400000020001800004082001700022100001700039245004400056250001300100260004600113300000800159650001500167700002200182SGT a9789366161334 a616.07bE25M aMohan, Harsh aEssential Pathology for Dental Students a6th Ed.  aNew Delhi, IndiabJaypee Publishersc2025 a532 aPathology  aMojgant, Sugandha